Ultimate MLB Quiz - Statistics

General Stats
  • This quiz has been taken 33 times
  • The average score is 12 of 30
Answer Stats
Hint Answer % Correct
This team has the most MVPs with 23 New York Yankees
88%
Most World Series Wins(Team) New York Yankees
85%
This player was nicknamed "Mr. October" Reggie Jackson
65%
Most Home Runs(all-time) Barry Bonds
62%
Most Stolen Bases(all-time) Ricky Henderson
62%
Most Home Runs in a Season Barry Bonds
58%
This stadium is the oldest currently in use Fenway Park
58%
Most Hits(all-time) Pete Rose
58%
Most Saves(all-time) Mariano Rivera
54%
Most Losses (Pitching)(all-time) Cy Young
50%
This player's number is retired by every team Jackie Robinson
50%
Most times Caught Stealing(all-time) Ricky Henderson
50%
Most World Series Wins(Player) Yogi Berra
46%
Most Wins (Pitching)(all-time) Cy Young
42%
This team most recently changed it's name Cleveland Guardians
38%
This team has never made the World Series Seattle Mariners
38%
Longest hitting streak(all-time) Joe DiMaggio
35%
Most RBI(all-time) Hank Aaron
31%
This team has won the pennant in both Leagues Houston Astros
31%
Most Runs Scored(all-time) Ricky Henderson
31%
Most World Series Apperances(Player) Yogi Berra
31%
This team used to be called the Seattle Pilots Milwaukee Brewers
23%
This team has the most losses in MLB history Philadelphia Phillies
23%
This catcher is part of the longest battery record in MLB Yadier Molina
23%
Highest Batting Average in a season(Player) Tony Gwynn
15%
This player's number was the first to be retired Lou Gehrig
12%
This team was originally called the Baltimore Orioles New York Yankees
12%
This player won the pitching triple crown in 2020 Shane Bieber
12%
Most Double Plays Grounded Into(all-time) Albert Pujols
8%
Most Sac Flies(all-time) Eddie Murray
0%
No matching quizzes found
Score Distribution
Percent of People with Each Score
Percentile by Number Answered
Your Score History
You have not taken this quiz